Restos diurnos : rodolfo enrique fogwill
Guardado en:
| Autor Principal: | |
|---|---|
| Formato: | Libro |
| Publicado: |
Buenos Aires :
Sudamericana,
1993
|
| Series: | Colección Narrativas Argentinas
|
| Materias: | |
| Etiquetas: |
Agregar Etiqueta
Sin Etiquetas, Sea el primero en etiquetar este registro!
|
| LEADER | 00601nam a22002055a 4500 | ||
|---|---|---|---|
| 001 | CEM.cems013127 | ||
| 005 | 20090514093012.0 | ||
| 008 | 130507s1993##################000#0#####d | ||
| 003 | CEMS | ||
| 020 | |a 9500708418 | ||
| 082 | 0 | 4 | |a A863.4 |
| 100 | 1 | |a Fogwill, Rodolfo Enrique | |
| 245 | 1 | 0 | |a Restos diurnos : |b rodolfo enrique fogwill |
| 260 | |a Buenos Aires : |b Sudamericana, |c 1993 | ||
| 300 | |a 155 p. | ||
| 490 | 0 | |a Colección Narrativas Argentinas | |
| 653 | |a Literatura | ||
| 653 | |a Literatura argentina | ||
| 653 | |a Narrativa argentina | ||
| 859 | |a CEMS |b BIB. CEMS - 11 de abril |h A863.4 |i F689 |p 25578.09 |t Ej.1 | ||
